Masterpieces of greek sculpture (Registro nro. 66008)
[ vista simple ]
| 000 -LEADER | |
|---|---|
| campo de control de longitud fija | 00557nam a2200157 i 4500 |
| 001 - NÚMERO DE CONTROL | |
| campo de control | 66008 |
| 003 - IDENTIFICADOR DE NÚMERO DE CONTROL | |
| campo de control | ES-MaACL |
| 007 - CAMPO FIJO DE DESCRIPCIÓN FÍSICA--INFORMACIÓN GENERAL | |
| campo de control de longitud fija | t| |
| 008 - DATOS DE LONGITUD FIJA--INFORMACIÓN GENERAL | |
| campo de control de longitud fija | 040126s1895 xxk ||||1| eng d |
| 100 1# - ENTRADA PRINCIPAL--NOMBRE DE PERSONA | |
| Nombre de persona | Furtwèangler, Adolf. |
| 9 (RLIN) | 127170 |
| 245 10 - MENCIÓN DEL TÍTULO | |
| Título | Masterpieces of greek sculpture |
| Resto del título | : a series of essays on the history of art / |
| Mención de responsabilidad, etc. | by Adolf Furthwèangler ; edited by Eugénie Sellers. |
| 260 ## - PUBLICACIÓN, DISTRIBUCIÓN, ETC. | |
| Lugar de publicación, distribución, etc. | London : |
| Nombre del editor, distribuidor, etc. | Heinemann, |
| Fecha de publicación, distribución, etc. | 1895 ( |
| Fabricante | Richard Clay and Sons) |
| 300 ## - DESCRIPCIÓN FÍSICA | |
| Extensión | XXIII, 487 p., 18 lám. ; |
| Dimensiones | 32 cm. |
| 700 1# - ENTRADA AGREGADA--NOMBRE PERSONAL | |
| Nombre de persona | Sellers, Eugénie. |
| 9 (RLIN) | 105325 |
| 852 ## - LOCALIZACIÓN | |
| Ubicación | ES-MaACL |
| Número de control de estantería | G-5000 |
| Estatus retirado | Estado de pérdida | Estado de daño | No para préstamo | Colección | Biblioteca de origen | Biblioteca actual | Ubicación en estantería | Fecha de adquisición | Fuente de adquisición | Total de préstamos | Signatura topográfica completa | Código de barras | Visto por última vez | Precio de reemplazo | Tipo de ítem Koha |
|---|---|---|---|---|---|---|---|---|---|---|---|---|---|---|---|
| Libros del s. XIX | Biblioteca del Ateneo de Madrid | Biblioteca del Ateneo de Madrid | Depósito 2 | 17/01/2008 | G-5000 | 1069151 | 23/02/2023 | 23/02/2023 | Libro impreso antiguo |
